Status of women among the Muslims in India : (Record no. 88389)

MARC details
000 -LEADER
fixed length control field 00705nam a22001937a 4500
005 - DATE AND TIME OF LATEST TRANSACTION
control field 20230921111219.0
010 ## - LCCN (DPL NO)
LC control number ENG-110770 ENG-136259
020 ## - INTERNATIONAL STANDARD BOOK NUMBER
International Standard Book Number 9788183875554
Terms of availability 895.00
035 ## - SYSTEM CONTROL NUMBER
System control number EN-94302 EN-119791
037 ## - SOURCE OF ACQUISITION
Source of stock number/acquisition DBAD/PUB
082 ## - DEWEY DECIMAL CLASSIFICATION NUMBER
Classification number 305.48697095475
100 ## - MAIN ENTRY--PERSONAL NAME
Personal name Ghanchi, Samiullah M.
245 ## - TITLE STATEMENT
Title Status of women among the Muslims in India :
Remainder of title A Case Study of Surat /
Statement of responsibility, etc By Samiullah M. Ghanchi
260 ## - PUBLICATION, DISTRIBUTION, ETC. (IMPRINT)
Place of publication, distribution, etc New Delhi
Name of publisher, distributor, etc Serials Publications
Date of publication, distribution, etc 2012
270 ## - ADDRESS
Address 4830/24, Prahlad Street, Ansari Road, Darya Ganj
City New Delhi
Postal code 110002
300 ## - PHYSICAL DESCRIPTION
Extent viii,298p.
Dimensions 23cm(Hb)
500 ## - GENERAL NOTE
General note Includes bibliographical references
942 ## - ADDED ENTRY ELEMENTS (KOHA)
Source of classification or shelving scheme Dewey Decimal Classification
Item type English Books
Classification part 305.48697095475
Call number suffix GHA
Holdings
Withdrawn status Lost status Not for loan Collection code Home library Current library Date acquired Source of acquisition Cost, normal purchase price Full call number Barcode Copy number Cost, replacement price Koha item type
    Not For Loan Non-fiction D.B.Act.Division D.B.Act.Division 08/09/2014 DBAD/PUB 895.00 305.48697095475 GHA EN-94302 1 895.00 English Books
    Not For Loan Non-fiction D.B.Act.Division D.B.Act.Division 28/02/2023 DBAD/PUB 895.00 305.48697095475 GHA en-119791 1 895.00 English Books

© Delhi Public Library
Hit Counter
free hit counter